Zwycięzcy GP - narodowości - Statystyki

Ogólne statystyki
  • Ten quiz został rozwiązany 46 razy
  • Średni wynik to 19 z 23
Statystyki odpowiedzi
# Narodowość Wygrane Ilość
Kierowców
% Poprawnych
1 WielkaBrytania 308 20
100%
3 Brazylia 101 6
98%
5 Finlandia 57 5
98%
11 Hiszpania 33 2
98%
2 Niemcy 179 7
98%
22 Polska 1 1
98%
6 Włochy 43 15
98%
4 Francja 81 14
95%
11 StanyZjednoczone 33 15
95%
13 Kanada 17 2
93%
10 Holandia 35 1
90%
9 Argentyna 38 3
88%
6 Australia 43 4
88%
16 Belgia 11 2
85%
20 Meksyk 6 2
85%
14 Szwecja 12 3
83%
18 Szwajcaria 7 2
80%
8 Austria 41 3
78%
18 Kolumbia 7 1
65%
21 Monako 5 1
63%
14 Nowa Zelandia 12 2
60%
17 RepublikaPołudniowej Afryki 10 1
53%
22 Wenezuela 1 1
53%
Nie znaleziono quizów pasujących do podanych kryteriów
Rozkład punktacji
Procent ludzi z każdym wynikiem
Percentyl według liczby udzielonych odpowiedzi
Twoja historia wyników
Nie rozwiązałeś tego quizu